000 00632nam a22002291i 4500
001 46304
090 _a46304
100 _a20020702d1965 m y0pory5003 ba
101 1 _apor
102 _aPT
200 1 _aO Expresso de Von Ryan
_eromance
_fDavid Westheimer
_gtrad. de Irene Fernanda
210 9 _aLisboa
_cPortugália Editora,
_d1965
215 _a322, [2] p.
_cil.
_d22 cm
225 2 _aCinema
_v4
300 _aTiragem 4100 ex.
304 _aTít. orig. Von Ryan's express
675 _a821.111(73)-31
700 1 _aWestheimer,
_bDavid
702 1 _aFernanda,
_bIrene
_4730
801 0 _aPT
_bBN
_gRPC
801 1 _aFR
_bJOUVE
_gRPC
990 _cLIVROS